<?xml version="1.0" encoding="UTF-8"?>
<record
    xmlns:xsi="http://www.w3.org/2001/XMLSchema-instance"
    xsi:schemaLocation="http://www.loc.gov/MARC21/slim http://www.loc.gov/standards/marcxml/schema/MARC21slim.xsd"
    xmlns="http://www.loc.gov/MARC21/slim">

  <leader>01154nab a22002417i 4500</leader>
  <controlfield tag="003">KOSZ 005</controlfield>
  <controlfield tag="005">20170505141107.0</controlfield>
  <controlfield tag="008">160308s2001    pl  ||||| ||||0|| ||eng </controlfield>
  <datafield tag="035" ind1=" " ind2=" ">
    <subfield code="a">PBN-R:761994</subfield>
  </datafield>
  <datafield tag="040" ind1=" " ind2=" ">
    <subfield code="c">KOSZ 005/md</subfield>
    <subfield code="a">PBN-ID</subfield>
  </datafield>
  <datafield tag="041" ind1="0" ind2=" ">
    <subfield code="a">eng</subfield>
  </datafield>
  <datafield tag="100" ind1=" " ind2=" ">
    <subfield code="a">MY&#x15A;LI&#x143;SKI, Piotr.</subfield>
    <subfield code="d">1996 - .</subfield>
    <subfield code="b">Politechnika Koszali&#x144;ska - Wydzia&#x142; Mechaniczny,</subfield>
    <subfield code="c">&#x15A;rodowiskowe Laboratorium Techniki Pr&#xF3;&#x17C;niowej</subfield>
  </datafield>
  <datafield tag="245" ind1="1" ind2="0">
    <subfield code="a">Application of temperature modulated relative dilatometry - Temperatures of adhesion degradation /</subfield>
    <subfield code="c">Piotr My&#x15B;li&#x144;ski, Andrzej W&#x105;sik, Pawe&#x142; Kamasa.</subfield>
  </datafield>
  <datafield tag="260" ind1=" " ind2=" ">
    <subfield code="c">2001.</subfield>
  </datafield>
  <datafield tag="650" ind1=" " ind2="0">
    <subfield code="a">In&#x17C;ynieria materia&#x142;owa.</subfield>
  </datafield>
  <datafield tag="650" ind1=" " ind2="0">
    <subfield code="a">Materials science.</subfield>
  </datafield>
  <datafield tag="650" ind1=" " ind2="0">
    <subfield code="a">Original article.</subfield>
  </datafield>
  <datafield tag="650" ind1=" " ind2="0">
    <subfield code="a">Oryginalny artyku&#x142; naukowy.</subfield>
  </datafield>
  <datafield tag="700" ind1=" " ind2=" ">
    <subfield code="a">W&#x104;SIK, Andrzej.</subfield>
    <subfield code="d">1998 - 2001.</subfield>
    <subfield code="b">Politechnika Koszali&#x144;ska - Wydzia&#x142; Mechaniczny,</subfield>
    <subfield code="c">&#x15A;rodowiskowe Laboratorium Techniki Pr&#xF3;&#x17C;niowej</subfield>
  </datafield>
  <datafield tag="773" ind1="0" ind2="8">
    <subfield code="i">W :</subfield>
    <subfield code="t">Journal of Thermal Analysis and Calorimetry. -</subfield>
    <subfield code="x">1388-6150</subfield>
    <subfield code="d">Spronger</subfield>
    <subfield code="g">2001, nr 65(2), s. 553-559.</subfield>
  </datafield>
  <datafield tag="856" ind1=" " ind2=" ">
    <subfield code="u">http://link.springer.com/content/pdf/10.1023/A:1017901708751.pdf</subfield>
    <subfield code="z">Link do zasobu</subfield>
  </datafield>
  <datafield tag="942" ind1=" " ind2=" ">
    <subfield code="c">ART</subfield>
    <subfield code="2">UKD</subfield>
  </datafield>
  <datafield tag="999" ind1=" " ind2=" ">
    <subfield code="c">8377</subfield>
    <subfield code="d">8377</subfield>
  </datafield>
</record>
